01757nam a2200421Ii 4500001001200000003000800012007001500020008004100035006001900076035002200095040003100117020002500148020001800173024003100191024002300222043001200245050001600257082001000273100004500283245014400328264007200472300004000544336002600584337002600610338003600636347002100672347000800693490003600701504005100737588008100788650007500869650005300944650004300997655002201040776016401062830003701226856007201263DIGCSIC0327NyNyDIGcr |||||||||||210722s2016 sp a ob 001 0 spa dm o d  a(OCoLC)1282641258 aDGITAbengerdaepncDGITA a9788400101633qeBook z97884001016267 a723-16-267-3qe-NIPO2nipo7 z723-16-266-82nipo ae-sp---14aQL953 ebook14a591.31 aVelasco Morgado, Raúl,d1982-eauthor.10aEmbriología en la periferia :blas ciencias del desarrollo en la España de la II República y el franquismo /cRaúl Velasco Morgado. 1aMadrid :bConsejo Superior de Investigaciones Científicas,c2016. a1 online resource :billustrations. atextbtxt2rdacontent acomputerbc2rdamedia aonline resourcebcr2rdacarrier atext file2rdaft bPDF1 aEstudios sobre la ciencia ;v68 aIncludes bibliographical references and index.0 aOnline resource; title from PDF title page (Digitalia, viewed July 22, 2021) 0aEmbryologyxStudy and teaching (Higher)zSpainxHistoryy20th century. 0aScience and statezSpainxHistoryy20th century. 0aSciencezSpainxHistoryy20th century. 0aElectronic books.08iPrint version:aVelasco Morgado, Raúl, 1982-tEmbriología en la periferia.dMadrid : Consejo Superior de Investigaciones Científicas, 2016z9788400101626 0aEstudios sobre la ciencia ;v68.403Digitalia Hispánicauhttps://www.digitaliapublishing.com/a/45813/